Statistics for Dotted World Map without 12 Capitals

Click here to take the quiz!

General Stats

  • This quiz has been taken 236 times
  • The average score is 177 of 199

Answer Stats

Country Capital % Correct
PalauNgerulmud
92%
NigeriaAbuja
91%
EthiopiaAddis Ababa
91%
Sierra LeoneFreetown
91%
GuineaConakry
91%
PanamaPanama City
91%
Costa RicaSan José
91%
DjiboutiDjibouti
91%
CambodiaPhnom Penh
91%
Trinidad & TobagoPort-of-Spain
91%
VenezuelaCaracas
91%
Marshall IslandsMajuro
91%
Micronesia (Fed.States)Palikir
91%
GhanaAccra
91%
BruneiBandar Seri Begawan
91%
South SudanJuba
91%
ColombiaBogotá
91%
SurinameParamaribo
91%
TogoLomé
91%
Cote d'IvoireYamoussoukro
91%
GuyanaGeorgetown
91%
BeninPorto-Novo
91%
LiberiaMonrovia
91%
Guinea BissauBissau
91%
GrenadaSaint George's
91%
DominicaRoseau
91%
EritreaAsmara
91%
Cape VerdePraia
91%
SenegalDakar
91%
GuatemalaGuatemala City
91%
YemenSana'a
91%
SudanKhartoum
91%
LaosVientiane
91%
St. Kitts & NevisBasseterre
91%
BelizeBelmopan
91%
Antigua & BarbudaSaint John's
91%
PhilippinesManila
91%
HondurasTegucigalpa
91%
MaliBamako
91%
Burkina FasoOuagadougou
91%
NicaraguaManagua
91%
ChadN'Djamena
91%
BarbadosBridgetown
91%
St. Vincent & the GrenadinesKingstown
91%
St. LuciaCastries
91%
El SalvadorSan Salvador
91%
NigerNiamey
91%
GambiaBanjul
91%
Central African RepublicBangui
91%
CameroonYaoundé
91%
FijiSuva
91%
ZimbabweHarare
91%
BoliviaSucre
91%
MauritiusPort Louis
91%
TongaNukuʻalofa
91%
VanuatuPort Vila
91%
BoliviaLa Paz
91%
SamoaApia
91%
MalawiLilongwe
91%
ZambiaLusaka
91%
BrazilBrasília
91%
NamibiaWindhoek
91%
BotswanaGaborone
91%
ChileSantiago
91%
South AfricaCape Town
91%
ArgentinaBuenos Aires
91%
AustraliaCanberra
91%
LesothoMaseru
91%
South AfricaBloemfontein
91%
ParaguayAsunción
91%
South AfricaPretoria
91%
MozambiqueMaputo
91%
SwazilandMbabane
91%
PeruLima
91%
ComorosMoroni
91%
UgandaKampala
91%
São Tomé and PrincipeSão Tomé
91%
EcuadorQuito
91%
NauruYaren
91%
KeynaNairobi
91%
GabonLibreville
91%
SingaporeSingapore
91%
Equatorial GuineaMalabo
91%
MalaysiaKuala Lumpur
91%
SomaliaMogadishu
91%
KiribatiTarawa
91%
RwandaKigali
91%
BurundiBujumbura
91%
East TimorDili
91%
AngolaLuanda
91%
Solomon IslandsHoniara
91%
Papua New GuineaPort Moresby
91%
TuvaluFunafuti
91%
IndonesiaJakarta
91%
Congo (Rep. of)Brazzaville
91%
Congo (Dem. Rep.)Kinshasa
91%
SeychellesVictoria
91%
TanzaniaDodoma
91%
JamaicaKingston
91%
MauritaniaNouakchott
91%
SloveniaLjubljana
91%
CroatiaZagreb
91%
SerbiaBelgrade
91%
RomaniaBucharest
91%
SwitzerlandBern
91%
MoldovaChișinău
91%
MongoliaUlaanbaatar
91%
HungaryBudapest
91%
LiechtensteinVaduz
91%
San MarinoSan Marino
91%
Bosnia & HerzegovinaSarajevo
91%
MacedoniaSkopje
91%
Vatican CityVatican City
91%
ItalyRome
91%
GeorgiaTbilisi
91%
AndorraAndorra la Vella
91%
KosovoPristina
91%
MonacoMonaco
91%
KyrgyzstanBishkek
91%
BulgariaSofia
91%
SlovakiaBratislava
91%
AustriaVienna
91%
LatviaRiga
91%
DenmarkCopenhagen
91%
LithuaniaVilnius
91%
BelarusMinsk
91%
SwedenStockholm
91%
EstoniaTallinn
91%
ThailandBangkok
91%
FinlandHelsinki
91%
NorwayOslo
91%
IrelandDublin
91%
GermanyBerlin
91%
UkraineKiev
91%
Czech RepublicPrague
91%
LuxembourgLuxembourg
91%
FranceParis
91%
BelgiumBrussels
91%
KazakhstanAstana
91%
NetherlandsAmsterdam
91%
PolandWarsaw
91%
United KingdomLondon
91%
AlbaniaTirana
91%
MontenegroPodgorica
91%
NepalKathmandu
91%
BhutanThimphu
91%
BahrainManama
91%
QatarDoha
91%
IndiaNew Delhi
91%
UzbekistanTashkent
91%
LibyaTripoli
91%
JordanAmman
91%
IsraelJerusalem
91%
EgyptCairo
91%
BahamasNassau
91%
TaiwanTaipei
91%
VietnamHanoi
91%
BurmaNaypyidaw
91%
HaitiPort-au-Prince
91%
Dominican RepublicSanto Domingo
91%
CubaHavana
91%
OmanMuscat
91%
Saudi ArabiaRiyadh
91%
United Arab EmiratesAbu Dhabi
91%
BangladeshDhaka
91%
IraqBaghdad
91%
KuwaitKuwait City
91%
United StatesWashington, D.C.
91%
PortugalLisbon
91%
TajikistanDushanbe
91%
GreeceAthens
91%
SyriaDamascus
91%
TurkeyAnkara
91%
SpainMadrid
91%
AzerbaijanBaku
91%
ArmeniaYerevan
91%
TurkmenistanAshgabat
91%
ChinaBeijing
91%
LebanonBeirut
91%
PakistanIslamabad
91%
TunisiaTunis
91%
CyprusNicosia
91%
AfghanistanKabul
91%
AlgeriaAlgiers
91%
IranTehran
91%
MaltaValletta
91%
JapanTokyo
91%
CanadaOttawa
77%
New ZealandWellington
64%
IcelandReykjavik
61%
South KoreaSeoul
57%
RussiaMoscow
55%
North KoreaPyongyang
50%
UruguayMontevideo
48%
MoroccoRabat
42%
MexicoMexico City
35%
MaldivesMalé
32%
MadagascarAntananarivo
28%
Sri LankaSri Jayawardenapura Kotte
27%

Score Distribution

Percentile by Number Answered

Percent of People with Each Score

Your Score History

You have not taken this quiz